书目信息 |
| 题名: |
三国志集解
|
|
| 作者: | 卢弼 著 | |
| 分册: | ||
| 出版信息: | 北京 中华书局 1982.12 |
|
| 页数: | 1157页 | |
| 开本: | 26cm | |
| 丛书名: | ||
| 单 册: | ||
| 中图分类: | K236.07 | |
| 科图分类: | ||
| 主题词: | 中国--古代史--三国时代 | |
| 电子资源: | ||
| ISBN: | ||
| 000 | 00554nam0 2200205 45 | |
| 001 | 0312221749 | |
| 005 | 20050508090331.7 | |
| 010 | @dCNY21.85@b精装 | |
| 091 | @a11018.1154 | |
| 100 | @a20031222d1982 km y0chiy0120 ea | |
| 101 | @achi | |
| 105 | @a z 000yy | |
| 200 | 1 | @a三国志集解@ASan Guo Zhi Ji Jie@f卢弼著@FLu Bi Zhu |
| 210 | @a北京@c中华书局@d1982.12 | |
| 215 | @a1157页@d26cm | |
| 606 | 0 | @a中国@x古代史@x三国时代 |
| 690 | @aK236.07@v3 | |
| 701 | 0 | @a卢弼@4著 |
| 801 | @aCN@bTSTCL@c20031222 | |
| 905 | @dK236.07@e25@f1@b99678@b177516-517@f2 | |
| 三国志集解/卢弼著.-北京:中华书局,1982.12 |
| 1157页;26cm |
| ISBN (精装):CNY21.85 |
| ● |
| 相关链接 |
|
|
|
|
正题名:三国志集解
索取号:K236.07/25
 
预约/预借
| 序号 | 登录号 | 条形码 | 馆藏地/架位号 | 状态 | 备注 |
| 1 | 0099678 | 000815121 | 密集书库/ [索取号:K236.07/25] | 在馆 | |
| 2 | 0099679 | 202446914 | 第二样本阅览室/ [索取号:K236.07/25] | 在馆 | |
| 3 | 0177516 | 000815078 | 密集书库/ [索取号:K236.07/25] | 在馆 | |
| 4 | 0177517 | 000815096 | 工具书阅览室/ [索取号:K236.07/25] | 在馆 |